2010 Movies - Statistics

General Stats
  • This quiz has been taken 50 times
  • The average score is 22 of 50
Answer Stats
Picture Answer % Correct
Shrek Forever After
100%
Toy Story 3
97%
Iron Man 2
94%
Despicable Me
88%
Alice In Wonderland
85%
Grown Ups
82%
How To Train Your Dragon
82%
Percy Jackson & The Lightning Thief
82%
Harry Potter And The Deathly Hallows - Part 1
79%
Megamind
79%
Black Swan
73%
Tangled
73%
The Karate Kid
73%
Inception
70%
Robin Hood
64%
Kick-Ass
58%
Shutter Island
58%
Easy A
55%
Gulliver’s Travels
55%
127 Hours
52%
Sex And The City 2
48%
Prince Of Persia: The Sands Of Time
45%
Scott Pilgrim Vs The World
39%
Salt
36%
The Chronicles Of Narnia: The Voyage Of The Dawn Treader
36%
RED
33%
The Other Guys
33%
The Tourist
33%
Hot Tub Time Machine
30%
Clash Of The Titans
27%
Get Him To The Greek
27%
Knight And Day
27%
Piranha
27%
Date Night
24%
Due Date
24%
The A-Team
24%
The Sorcerer's Apprentice
24%
The Town
21%
The Bounty Hunter
15%
The Wolfman
15%
Unstoppable
15%
Faster
12%
Green Zone
12%
Edge Of Darkness
6%
From Paris With Love
6%
Takers
6%
You Again
6%
Killers
3%
London Boulevard
3%
The Next Three Days
3%
No matching quizzes found
Score Distribution
Percent of People with Each Score
Percentile by Number Answered
Your Score History
You have not taken this quiz